01692nam a22001937a 45000010005000000030006000050050017000110080041000280400027000690820011000961000021001072450039001282600062001673000025002295050007002545201196002615210026014577000015014833479FISKH20240312112923.0240312b cb ||||| |||| 00| 0 eng d aFISKbeng cFISKdFISK a823.92 aGray Kes d1960- aDaisy and the trouble with life /  aLondon : bRandom house children's publishers UK, c2007  a201 pages : c22 cm  aH  aIn Daisy's guide to life, nothing is quite black and white. The trubble with life is it's sooooooo not fair. The trouble with Mums is that you can't swap them for other mums when you need to. And the trouble with being grounded is it's sooooooo boring. You absolutely can't go anywhere at all. No hopping jumping, flying or parachuting...Daisy's got ever so much time to think about what she's done. Really, it wasn't her fault. If her pocket money hadn't run out, and if someone hadn't dropped a strawberry dib-dab on the pavement and if strawberry dib-dabs weren't Daisy's absolutely favourite sweet... Who knew that it had invisible red germs that are so totally teensy and that Auntie Sue says give you tummy trouble?Daisy's trips to the loo are interspersed with hilarious musings about the trouble with everything, from her goldfish Freddie who thinks it's a dolphin, to playing nicely at Gabby's house, to the school name-caller Jack Beechwhistle, to remote control cars and hosepipes that don't do as they're told.Now, if only Daisy can find a word to rhyme with hippopotamus, she and Gabby can magic next door's cat into a hippo. When she's un-grounded and off the loo, of course...8 aestimates, bLexiles  aKes Gray